000 00844nas a22002297a 4500
003 OSt
005 20160826155426.0
008 130910b2004 slv spa
040 _cBMC
082 _a378.007728405
082 _a378.72840014
_b
082 _a001.47284
110 2 _94866
_aUniversidad Católica de Occidente
245 1 0 _aAnuario de investigación 2004
_cUNICAES
260 _a[Santa Ana
_bUniversidad Católica de Occidente, Unidad de Investigación
_c2005?]
300 _a110 h.
_bil. col. y n.
_c27 cm
610 0 4 _93469
_aUniversidad Católica de Occidente
_bUnidad de Investigación
_vAnuarios
610 0 4 _99281
_aUniversidad Católica de Occidente
_xActividad científica
650 2 4 _94874
_aInvestigación
_zEl Salvador
710 2 _93468
_aUniversidad Católica de Occidente
_bUnidad de Investigación
942 _2ddc
_cBK
999 _c1996
_d1996